000 00542nam a22001697a 4500
003 SISC
005 20160901083955.0
008 160901b xxu||||| |||| 00| 0 eng d
020 _a9789351119692
050 _aHF 5549.5.C6
_b.P985 2016
100 _aPurohit, Ashok.
245 _aDevelopment communication and information economics in the new millenium /
_cAshok Purohit.
260 _aIndia :
_bRandom Publications,
_c2016.
300 _a308 pages ;
_c25 cm.
500 _aIncludes bibliographical references and index.
942 _2lcc
_cBK
999 _c300767
_d300767